000 00215 a2200097 4500
001 11300
100 _aMueller, P.
245 _aChina & Japan Emerging Global Powers
260 _a
_bPraejer
_c
090 _c8851
_d8851
942 _aNUST-CAE
_cM
_c35657
999 _c246373
_d246373